000 00701nam a2200241 i 4500
003 DO-SdBNP
005 20250730104813.0
007 ta
008 250730b1986 dr ||||| |||| 00| 0 spa d
040 _aDO-SdBNP
_bspa
_cBNPHU
_erda
041 _aspa
082 4 _axxx
_bxxx
_222
100 _aTerrero Peña, Plinio,
_eautor
_4aut.
_935380
245 1 0 _aCompendio de derecho civil /
_cPlinio Terrero Peña
264 1 _aSanto Domingo :
_bEditora Corripio,
_c1986.
300 _a601 páginas ;
_c23 cm.
336 _atexto
_btxt
_2rdacontent
337 _asin mediación
_bn
_2rdamedia
338 _avolumen
_bnc
_2rdacarrier
590 _aInventariado, 2025/BT
910 _abtavárez
942 _2ddc
_cLBS1
999 _c59683
_d59683